[Event "Shelest Memorial op"]
[Site "Mykolaiv"]
[Date "2023.05.04"]
[Round "3"]
[White "Glazkov, Konstantin"]
[Black "Starozhilov, Leonid"]
[Result "0-1"]
[WhiteElo "2018"]
[BlackElo "2293"]
[PlyCount "114"]
[EventDate "2023.05.03"]
[EventType "swiss"]
[EventRounds "9"]
[EventCountry "UKR"]
[SourceTitle "CBM 214 Extra"]
[Source "ChessBase"]
[SourceDate "2023.07.31"]
[SourceVersion "1"]
[SourceVersionDate "2023.07.31"]
[SourceQuality "1"]

1. e4 c5 2. Nf3 d6 3. d4 cxd4 4. Nxd4 Nf6 5. Nc3 a6 6. Be2 g6 7. Be3 Bg7 8. Qd2 h5 9. 0-0-0 Nbd7 10. f4 Qc7 11. Rhe1 0-0 12. h3 Nb6 13. f5 Bd7 14. g4 hxg4 15. hxg4 Na4 16. Nxa4 Bxa4 17. Qb4 Nd5 18. exd5 Bxd4 19. Qxa4 Bxe3+ 20. Kb1 Kg7 21. Qe4 Bg5 22. Bd3 Bf6 23. fxg6 Qb6 24. b3 Qd4 25. Qxd4 Bxd4 26. Rxe7 Kf6 27. Rxb7 fxg6 28. Bxg6 Be5 29. Bf5 a5 30. a3 Rh8 31. Rh7 Rhb8 32. Rh6+ Kg5 33. Rh5+ Kf4 34. Rf1+ Ke3 35. Rh3+ Kd4 36. Rd1+ Kc5 37. g5 Rf8 38. Be6 Rf2 39. g6 Rg2 40. Bf7 Kb5 41. Re3 Rc8 42. c4+ Kc5 43. Rxe5 dxe5 44. d6 Rb8 45. Rd5+ Kc6 46. Rd3 Kd7 47. c5 e4 48. Re3 Rh8 49. Re1 e3 50. b4 axb4 51. axb4 Rh4 52. Ka1 Rd4 53. b5 e2 54. g7 Rd1+ 55. Kb2 Rxe1 56. g8Q Rxg8 57. Bxg8 Rg1 0-1

[Event "Stopkin Memorial 1st"]
[Site "Nikolaev"]
[Date "2009.11.23"]
[Round "3"]
[White "Nakonechny, Sergey"]
[Black "Glazkov, Konstantin"]
[Result "1/2-1/2"]
[WhiteElo "2179"]
[BlackElo "2081"]
[PlyCount "154"]
[EventDate "2009.11.22"]
[EventType "swiss"]
[EventRounds "9"]
[EventCountry "UKR"]
[SourceTitle "EXT 2023"]
[Source "ChessBase"]
[SourceDate "2022.10.05"]
[SourceVersion "1"]
[SourceVersionDate "2022.10.05"]
[SourceQuality "1"]

1. d4 Nf6 2. Nf3 e6 3. e3 c5 4. Bd3 b6 5. b3 Bb7 6. Bb2 Nc6 7. a3 Be7 8. 0-0 0-0 9. Nbd2 Rc8 10. c4 cxd4 11. exd4 d5 12. Re1 Rc7 13. Rc1 dxc4 14. bxc4 Qc8 15. Qc2 Rd8 16. Nb3 h6 17. Rcd1 Ba6 18. Qe2 Nb8 19. Rc1 Qd7 20. Ne5 Qe8 21. Nd2 Nc6 22. Ndf3 Na5 23. g4 Qf8 24. g5 hxg5 25. Nxg5 Bxa3 26. Ng6 Qb4 27. Bc3 Qb3 28. Nxe6 Re8 29. Qf3 fxe6 30. Qh3 Bxc1 31. Qh8+ Kf7 32. Ne5+ Ke7 33. Qxg7+ Kd8 34. Qxf6+ Kc8 35. Qg6 Rce7 36. Rxc1 Qa3 37. Rc2 Qd6 38. c5 Bxd3 39. Qxd3 Qd5 40. cxb6 Rg8+ 41. Kf1 Kb7 42. bxa7 Ka8 43. Bxa5 Qxa5 44. Qe4+ Qd5 45. Qxd5+ exd5 46. Rc5 Rxa7 47. Rxd5 Rh7 48. Nf3 Rf8 49. Kg2 Rhf7 50. Ra5+ Kb8 51. Ra3 Rg8+ 52. Kf1 Rgf8 53. Ke2 Re8+ 54. Re3 Ref8 55. h4 Rf5 56. Rc3 Kb7 57. Rd3 Kc7 58. Ng5 Rxf2+ 59. Ke3 Kd7 60. Ra3 Rh2 61. Ra7+ Kc6 62. Rh7 Rg8 63. Nf3 Rh3 64. Rh6+ Kd5 65. Rh5+ Kd6 66. Ke4 Rg4+ 67. Kf5 Rg2 68. Ng5 Rh1 69. Rh6+ Kd5 70. Ne6 Rf1+ 71. Nf4+ Kxd4 72. Rd6+ Kc5 73. Rd5+ Kc6 74. Rd4 Rg8 75. h5 Rf8+ 76. Kg4 Rg1+ 77. Kf3 Rf1+ 1/2-1/2